Procesal laboral : desarrollo teórico práctico del Procedimiento Laboral /
Guardado en:
| Autor Principal: | |
|---|---|
| Otros Autores: | , |
| Formato: | Libro |
| Idioma: | Spanish |
| Publicado: |
Ciudad Autónoma de Buenos Aires :
Estudio,
2019.
|
| Edición: | 4° ed. |
| Series: | Guía Práctica Profesional
|
| Materias: | |
| Etiquetas: |
Agregar Etiqueta
Sin Etiquetas, Sea el primero en etiquetar este registro!
|
| LEADER | 00828nam a22002295a 4500 | ||
|---|---|---|---|
| 001 | DER.der013830 | ||
| 008 | 190426s2019####ag############000#0#spa#d | ||
| 005 | 20210830092737.0 | ||
| 245 | 1 | 0 | |a Procesal laboral : |b desarrollo teórico práctico del Procedimiento Laboral / |c Julio Armando Grisolía ; Ernesto Jorge Ahuad ; Laura Cáceres. |
| 250 | |a 4° ed. | ||
| 260 | |a Ciudad Autónoma de Buenos Aires : |b Estudio, |c 2019. | ||
| 300 | |a 640 p. : |b CD-DVD ; |c 23 x 15,5 cm. | ||
| 490 | 1 | |a Guía Práctica Profesional | |
| 020 | |a 9789508976086 | ||
| 100 | 1 | |a Grisolía, Julio Armando. | |
| 700 | 1 | |a Ahuad, Ernesto Jorge. | |
| 700 | 1 | |a Cáceres, Laura. | |
| 082 | 0 | 4 | |a 347.05 |2 4 |
| 653 | |a Derecho procesal laboral | ||
| 653 | |a Prácticas | ||
| 650 | 7 | |a procedimiento laboral |2 SAIJ | |
| 859 | |a DERECHO |b BIB. DERECHO |h 347.05 |i GRI |k 1.35 |p 008914 |t 1 | ||
